{"text_format":"3","workbook":"xlsx","n_sheets":1,"sheets":["第二批改集装箱装运构件清单"],"not_rendered":{"defined_names":1},"read":"whole","date_system":"1900"}

{"sheet":"第二批改集装箱装运构件清单","index":0,"n_rows":104,"n_cols":11,"rows_kept":104,"merged":[[0,0,0,10],[99,10,102,10]]}
["附件2：集装箱货物明细清单"]
["序号","英文名称","中文名称","规格型号","单位","数量","单重（kg)","净重（kg）","毛重\n（kg）","长×宽×高（m）","体积（m3)"]
[64,"ZDR-1","柱吊耳-1","PL16*412*433                     ","块",2,49.7,{"$f":"G3*F3","v":99.4},99.4,"0.45*0.44*0.02",{"v":7.92E-3,"d":"0.008"}]
[84,"LBJB-1","梁夹板-1","PL24*300*1040","块",68,58.8,3998.3999999999996,3998.4,"0.024*0.3*1.04",{"v":0.51,"d":"0.510"}]
[85,"LBJB-2","梁夹板-2","PL24*132*1040","块",136,25.9,3522.3999999999996,3522.4,"0.024*0.132*1.04",{"v":0.45,"d":"0.450"}]
[86,"LBJB-3","梁夹板-3","PL16*620*640","块",68,49.8,3386.3999999999996,3386.4,"0.016*0.62*0.64",{"v":0.43,"d":"0.430"}]
[87,"CB-1","弹簧板-1","PL14*320*570","件",128,20,2560,2560,"0.014*0.32*0.57",{"v":0.3268608,"d":"0.327"}]
[88,"CB-2","弹簧板-2","PL10*300*425","件",8,15.1,120.8,120.8,"0.02*0.34*0.425",{"v":0.02312,"d":"0.023"}]
[89,"CB-3","弹簧板-3","PL10*300*425","件",60,10,600,600,"0.01*0.3*0.425",{"v":0.0765,"d":"0.077"}]
[96,"LB-1","拉板-1","PL10*160*320","件",68,4,272,272,"0.01*0.16*0.32",{"v":0.034816,"d":"0.035"}]
[97,"LB-2","拉板-2","PL10*60*140","件",196,0.7,137.2,137.2,"0.01*0.06*0.14",{"v":0.016464,"d":"0.016"}]
[98,"LB-3","拉板-3","PL10*160*525","件",64,6.6,422.4,422.4,"0.01*0.16*0.525",{"v":0.05376,"d":"0.054"}]
[99,"LB-4","拉板-4","PL10*160*325","件",64,4.1,262.4,262.4,"0.01*0.16*0.325",{"v":0.03328,"d":"0.033"}]
[100,"TB-1","填板-1","PL10*360*400","件",60,11.3,678,678,"0.01*0.36*0.4",{"v":0.0864,"d":"0.086"}]
[101,"TB-2","填板-2","PL10*250*260","件",32,5.1,163.2,163.2,"0.01*0.25*0.26",{"v":0.0208,"d":"0.021"}]
[102,"ZDB-1","制动板-1","6mm花纹板","件",34,396.8,13491.2,13491.2,"7.04*1.05*0.1",{"v":25.1328,"d":"25.133"}]
[103,"ZDB-2","制动板-2","8mm花纹板","件",4,691.6,2766.4,2766.4,"7.15*1.57*0.1",{"v":4.4902,"d":"4.490"}]
[104,"ZDB-3","制动板-3","8mm花纹板","件",28,772,21616,21616,"7.15*1.47*0.1",{"v":29.4294,"d":"29.429"}]
[105,"ZDB-4","制动板-4","8mm花纹板","件",32,666.4,21324.8,21324.8,"7.16*1.25*0.1",{"v":28.64,"d":"28.640"}]
[106,"ZDJG-1","制动角钢-1","L110*10","件",64,4.1,262.4,262.4,"0.11*0.11*0.25",{"v":0.1936,"d":"0.194"}]
[107,"ZDJG-2","制动角钢-2","L110*10","件",64,6.6,422.4,422.4,"0.11*0.11*0.4",{"v":0.30976,"d":"0.310"}]
[108,"ZDL-1","制动梁-1","C36A","根",32,342.2,10950.4,10950.4,"7.4*0.1*0.36",{"v":8.5248,"d":"8.525"}]
[109,"ZDL-2","制动梁-2","C36A","根",32,325.4,10412.8,10412.8,"6.972*0.1*0.36",{"v":8.031744,"d":"8.032"}]
[110,"ZDL-3","制动梁-3","C18A","根",34,140,4760,4760,"7.14*0.07*0.18",{"v":0.3058776,"d":"0.306"}]
[111,"SC-1","水平支撑-1","L100*8","件",64,109.8,7027.2,7027.2,"9.11*0.1*0.1",{"v":5.8304,"d":"5.830"}]
[112,"SC-2","水平支撑-2","L100*8","件",20,110.9,2218,2218,"9.2*0.1*0.1",{"v":1.84,"d":"1.840"}]
[113,"SC-3","水平支撑-3","L100*8","件",16,113.7,1819.2,1819.2,"9.434*0.1*0.1",{"v":1.50944,"d":"1.509"}]
[114,"SC-4","水平支撑-4","L100*8","件",64,107.8,6899.2,6899.2,"8.94*0.1*0.1",{"v":5.7216,"d":"5.722"}]
[115,"SC-5","水平支撑-5","L100*8","件",32,110.4,3532.8,3532.8,"9.16*0.1*0.1",{"v":2.9312,"d":"2.931"}]
[116,"SC-6","水平支撑-6","PL10*150*200","件",32,1.6,51.2,51.2,"0.01*0.15*0.2",{"v":0.0096,"d":"0.010"}]
[117,"SC-7","水平支撑-7","PL10*150*200","件",32,1.6,51.2,51.2,"0.01*0.15*0.2",{"v":0.0096,"d":"0.010"}]
[118,"SC-8","水平支撑-8","PL10*150*200","件",16,1.6,25.6,25.6,"0.01*0.15*0.2",{"v":0.0048,"d":"0.005"}]
[119,"SC-9","水平支撑-9","PL10*150*200","件",10,1.6,16,16,"0.01*0.15*0.2",0.003]
[120,"SC-10","水平支撑-10","PL10*150*200","件",8,1.6,12.8,12.8,"0.01*0.15*0.2",{"v":0.0024,"d":"0.002"}]
[121,"TGTJ-1","天沟托架-1","C18A","件",2,146.2,292.4,292.4,"7.49*0.07*0.18",{"v":0.188748,"d":"0.189"}]
[122,"TGTJ-2","天沟托架-2","C18A","件",64,145.7,9324.8,9324.8,"7.49*0.07*0.18",{"v":6.039936,"d":"6.040"}]
[123,"TGTJ-3","天沟托架-3","C18A","件",2,146.2,292.4,292.4,"7.49*0.07*0.18",{"v":0.188748,"d":"0.189"}]
[124,"TGTL-1","天沟挑梁-1","BH(200~350)*200*8*12","件",36,49.7,1789.2,1789.2,"0.67*0.39*0.24",{"v":2.257632,"d":"2.258"}]
[125,"XG-1","系杆-1","L110*10","件",65,270.4,17576,17576,"7.4*0.27*0.27",{"v":35.0649,"d":"35.065"}]
[126,"XG-3","系杆-3","L110*10","件",65,270.4,17576,17576,"7.4*0.27*0.27",{"v":35.0649,"d":"35.065"}]
[127,"XG-4","系杆-4","C20","件",17,411.3,6992.1,6992.1,"7.46*0.22*0.21",{"v":5.86,"d":"5.860"}]
[128,"GDG","轨道钢","QU100","捆",13,5487,71331,71331,"12.000*0.600*0.320",29.952]
[129,"GDG","轨道钢","QU100","捆",1,4420.08,4420.08,4420.08,"12.000*0.600*0.320",2.304]
[130,"QL-1","墙檩-1","C250*75*20*2.5","件",168,63.2,{"$f":"G44*F44","v":10617.6},10617.6,"7.49*0.25*0.075",{"v":23.5935,"d":"23.594"}]
[131,"QL-2","墙檩-2","C250*75*20*2.5","件",24,65.3,1567.1999999999998,1567.2,"7.74*0.25*0.075",3.483]
[132,"WL-1","屋檩-1","C220*75*20*2.5","件",90,69,6210,6210,"8.79*0.22*0.075",{"v":13.05315,"d":"13.053"}]
[133,"WL-2","屋檩-2","C220*75*20*2.5","件",42,60,2520,2520,"7.64*0.22*0.075",{"v":5.29452,"d":"5.295"}]
[134,"WL-3","屋檩-3","C220*75*20*2.5","件",948,58.7,55647.600000000006,55647.6,"7.48*0.22*0.075",{"v":117.00216,"d":"117.002"}]
[135,"ZB-1","    折边-1                  ","PL1.5*3536","根",44,8.1,356.4,356.4,"3.536*0.050*0.130",{"v":1.011296,"d":"1.011"}]
[136,"ZB-2","    折边-2                  ","PL1.5*2450","根",2,5.6,11.2,11.2,"2.450*0.050*0.130",{"v":0.03185,"d":"0.032"}]
[137,"ZB-3","    折边-3                  ","PL1.5*2170","根",6,5,30,30,"2.170*0.050*0.130",{"v":0.08463,"d":"0.085"}]
[138,"ZB-4","    折边-4                  ","PL1.5*2840","根",4,6.5,26,26,"2.840*0.050*0.130",{"v":0.07384,"d":"0.074"}]
[139,"ZB-5","    折边-5                  ","PL1.5*3050","根",2,7,14,14,"3.050*0.050*0.130",{"v":0.03965,"d":"0.040"}]
[140,"ZB-6","    折边-6                  ","PL1.5*2085","根",4,4.8,19.2,19.2,"2.085*0.050*0.130",{"v":0.05421,"d":"0.054"}]
[141,"ZB-7","    折边-7                  ","PL1.5*2395","根",4,5.5,22,22,"2.395*0.050*0.130",{"v":0.06227,"d":"0.062"}]
[142,"ZB-8","    折边-8                  ","PL1.5*2990","根",14,6.9,96.60000000000001,96.60000000000001,"2.990*0.050*0.130",{"v":0.27209,"d":"0.272"}]
[143,"ZB-9","    折边-9                  ","PL1.5*3240","根",26,7.4,192.4,192.4,"3.240*0.050*0.130",{"v":0.5475599999999999,"d":"0.548"}]
[144,"ZB-10","    折边-10                 ","PL1.5*2740","根",52,6.3,327.59999999999997,327.59999999999997,"2.740*0.050*0.130",{"v":0.9261199999999999,"d":"0.926"}]
[145,"ZB-11","    折边-11                 ","PL1.5*2490","根",24,5.7,136.8,136.8,"2.490*0.050*0.130",{"v":0.38844,"d":"0.388"}]
[146,"ZB-12","    折边-12                 ","PL1.5*2080","根",24,4.8,115.19999999999999,115.19999999999999,"2.080*0.050*0.130",{"v":0.32448,"d":"0.324"}]
[147,"ZB-13","    折边-13                 ","PL1.5*3090","根",8,7.1,56.8,56.8,"3.090*0.050*0.130",{"v":0.16068,"d":"0.161"}]
[148,"ZB-14","    折边-14                 ","PL1.5*3390","根",11,7.8,85.8,85.8,"3.390*0.050*0.130",{"v":0.242385,"d":"0.242"}]
[149,"ZB-15","    折边-15                 ","PL1.5*2590","根",14,5.9,82.60000000000001,82.60000000000001,"2.590*0.050*0.130",{"v":0.23568999999999998,"d":"0.236"}]
[150,"ZB-16","    折边-16                 ","PL1.5*1490","根",1,3.4,3.4,3.4,"1.490*0.050*0.130",{"v":0.009685,"d":"0.010"}]
[151,"ZB-17","    折边-17                 ","PL1.5*2190","根",2,5,10,10,"2.190*0.050*0.130",{"v":0.02847,"d":"0.028"}]
[152,"ZB-18","    折边-18                 ","PL1.5*2350","根",2,5.4,10.8,10.8,"2.350*0.050*0.130",{"v":0.03055,"d":"0.031"}]
[153,"ZB-19","    折边-19                 ","PL1.5*3850","根",32,8.8,281.6,281.6,"3.850*0.050*0.130",{"v":0.8008,"d":"0.801"}]
[154,"ZB-20","    折边-20                 ","PL1.5*2790","根",1,6.4,6.4,6.4,"2.790*0.050*0.130",{"v":0.018135,"d":"0.018"}]
[155,"ZB-21","    折边-21                 ","PL1.5*3750","根",3,8.6,25.799999999999997,25.799999999999997,"3.750*0.050*0.130",{"v":0.073125,"d":"0.073"}]
[156,"ZB-22","    折边-22                 ","PL1.5*2050","根",1,4.7,4.7,4.7,"2.050*0.050*0.130",{"v":0.013325,"d":"0.013"}]
[157,"ZB-23","    折边-23                 ","PL1.5*1450","根",2,3.3,6.6,6.6,"1.450*0.050*0.130",{"v":0.01885,"d":"0.019"}]
[158,"ZB-24","    折边-24                 ","PL1.5*1500","根",1,3.4,3.4,3.4,"1.500*0.050*0.130",{"v":9.75E-3,"d":"0.010"}]
[159,"ZB-25","    折边-25                 ","PL1.5*2565","根",4,5.9,23.6,23.6,"2.565*0.050*0.130",{"v":0.06669,"d":"0.067"}]
[160,"ZB-26","    折边-26                 ","PL1.5*700","根",16,1.6,25.6,25.6,"0.700*0.050*0.130",{"v":0.0728,"d":"0.073"}]
[161,"ZB-27","    折边-27                 ","PL1.5*350","根",8,0.8,6.4,6.4,"0.350*0.050*0.130",{"v":0.0182,"d":"0.018"}]
[162,"ZB-28","    折边-28                 ","PL1.5*4100","根",8,9.4,75.2,75.2,"4.100*0.050*0.130",{"v":0.2132,"d":"0.213"}]
[163,"ZB-29","    折边-29                 ","PL1.5*600","根",8,1.4,11.2,11.2,"0.600*0.050*0.130",{"v":0.0312,"d":"0.031"}]
[164,"ZB-30","    折边-30                 ","PL1.5*3180","根",16,9.2,147.2,147.2,"3.180*0.100*0.130",{"v":0.66144,"d":"0.661"}]
[165,"ZB-31","    折边-31                 ","PL1.5*2820","根",8,9,72,72,"2.820*0.125*0.130",{"v":0.3666,"d":"0.367"}]
[166,"ZB-32","    折边-32                 ","PL1.5*3180","根",16,12.9,206.4,206.4,"3.180*0.200*0.130",{"v":1.32288,"d":"1.323"}]
[167,"ZB-33","    折边-33                 ","PL1.5*500","根",20,1.1,22,22,"0.500*0.050*0.130",0.065]
[168,"ZB-34","    折边-34                 ","PL1.5*800","根",12,1.8,21.6,21.6,"0.800*0.050*0.130",{"v":0.0624,"d":"0.062"}]
[169,"ZB-35","    折边-35                 ","PL1.5*450","根",4,1,4,4,"0.450*0.050*0.130",{"v":0.0117,"d":"0.012"}]
[170,"ZB-36","    折边-36                 ","PL1.5*535","根",4,1.2,4.8,4.8,"0.535*0.050*0.130",{"v":0.01391,"d":"0.014"}]
[171,"ZB-37","    折边-37                 ","PL1.5*850","根",4,2,8,8,"0.850*0.050*0.130",{"v":0.0221,"d":"0.022"}]
[172,"ZB-38","    折边-38                 ","PL1.5*2820","根",8,12.3,98.4,98.4,"2.820*0.225*0.130",{"v":0.65988,"d":"0.660"}]
[173,"ZB-39","    折边-39                 ","PL1.5*300","根",8,0.7,5.6,5.6,"0.300*0.050*0.130",{"v":0.0156,"d":"0.016"}]
[174,"ZB-40","    折边-40                 ","PL1.5*3275","根",28,7.5,210,210,"3.275*0.050*0.130",{"v":0.59605,"d":"0.596"}]
[175,"ZB-41","    折边-41                 ","PL1.5*3275","根",4,17.2,68.8,68.8,"3.275*0.300*0.130",{"v":0.5109,"d":"0.511"}]
[176,"ZB-42","    折边-42                 ","PL1.5*3850","根",4,20.2,80.8,80.8,"3.850*0.300*0.130",{"v":0.6006,"d":"0.601"}]
[177,"ZB-43","    折边-43                 ","PL1.5*3260","根",44,7.5,330,330,"3.260*0.050*0.130",{"v":0.9323600000000001,"d":"0.932"}]
[178,"ZB-44","    折边-44                 ","PL1.5*3350","根",4,7.7,30.8,30.8,"3.350*0.050*0.130",{"v":0.0871,"d":"0.087"}]
[179,"ZB-45","    折边-45                 ","PL1.5*3800","根",10,8.7,87,87,"3.800*0.050*0.130",0.247]
[180,"ZB-46","    折边-46                 ","PL1.5*3640","根",8,8.4,67.2,67.2,"3.640*0.050*0.130",{"v":0.18928,"d":"0.189"}]
[181,"ZB-47","    折边-47                 ","PL1.5*3800","根",8,16.3,130.4,130.4,"3.800*0.220*0.130",{"v":0.86944,"d":"0.869"}]
[182,"ZB-48","    折边-48                 ","PL1.5*3900","根",1,8.9,8.9,8.9,"3.900*0.050*0.130",{"v":0.02535,"d":"0.025"}]
[183,"ZB-49","    折边-49                 ","PL1.5*5100","根",2,11.7,23.4,23.4,"5.100*0.050*0.130",{"v":0.0663,"d":"0.066"}]
[184,"ZB-50","    折边-50                 ","PL1.5*2600","根",1,6,6,6,"2.600*0.050*0.130",{"v":0.0169,"d":"0.017"}]
[185,"ZB-51","    折边-51                 ","PL1.5*2500","根",1,5.7,5.7,5.7,"2.500*0.050*0.130",{"v":0.01625,"d":"0.016"}]
[186,null,"轨道压板-1","QU100轨道压板","套",2400,null,{"$f":"10.1*1200","v":12120},null,null,8.8]
[187,null,"轨道压板-2","43Kg轨道压板","套",680,null,{"$f":"9.62*340","v":3270.7999999999997},20794.8]
[188,null,"轨道连接板-1","QU100轨道连接板","套",70,null,{"$f":"31*70","v":2170}]
[189,null,"轨道连接板-2","43Kg轨道连接板","套",22,null,{"$f":"33*22","v":726}]
[{"$nulls":3},"合计",{"$nulls":3},{"$f":"SUM(H3:H103)","v":{"v":352031.68,"d":"352031.680"}},{"$f":"SUM(I3:I103)","v":{"v":354539.68,"d":"354539.680"}},null,{"$f":"SUM(K3:K103)","v":{"v":426.3563474000002,"d":"426.356"}}]